| 000 | 00364nam a22001337a 4500 | ||
|---|---|---|---|
| 005 | 20260320105541.0 | ||
| 008 | 260320b |||||||| |||| 00| 0 eng d | ||
| 040 | _cFLL | ||
| 041 |
_2eng _aeng |
||
| 100 |
_aRawat, Karan _91132615 |
||
| 245 | _aDNA Profiling in Criminal Justice Administration in India | ||
| 260 |
_aDU _bFaculty of Law _c2023 |
||
| 942 |
_2CC _cDIS |
||
| 999 |
_c1715808 _d1715808 |
||